000
00299nam a22001337a 4500
008
181023b xxu||||| |||| 00| 0 eng d
020
_a
9780536293657
041
_a
eng
080
_a
510
100
_a
39
101
_a
MAT
245
_a
Beginning Intermediate Algebra
_c
Lial.h
942
_2
udc
_c
BK
999
_c
50669
_d
50669